000 00791nac a22002171u 4500
010 _a67010775
082 0 0 _a372.7
090 _c1837
_d1837
100 _a20080729
110 2 _aAssociation of Teachers of Mathematics.
245 1 0 _aNotes on mathematics in primary schools.
260 _aCambridge [Eng.]
_bUniversity Press,
_c1967.
300 _a340 p.
_billus. (part col.)
_c22 cm.
500 _aDonations
500 _aDonations - Dr. Mostafa Gouda
504 _aBibliography: p. [332]-338.
650 0 _aMathematics
_xStudy and teaching (Primary)
740 _aMathematics in primary schools.
942 _cBB
_k372.7
999 _c1837
_d1837